• 首页
  • 本馆介绍
  • 公告通知
  • 最新文献
  • 馆藏检索
  • 电子资源
  • 读者导购
  • 参考咨询
  • 我的图书馆
  • 登录
  • 详细信息显示
  • 放入我的书架
  • 预约/预借图书
  • 作者相关作品
  • 分类相关作品
  • 丛书相关作品
  • 出版社相关作品

书目信息

  • 表格格式
  • 工作单格式
  • 卡片格式
题名:
民间童话故事选
    
 
作者: ;肖莉 , 董森 编 ;中国社会科学院文学研究所民间文学室 主编
分册:  
出版信息: 北京   北京出版社  1979.04
页数: 334页
开本: 19cm
丛书名:
单 册:
中图分类: I276.5
科图分类:
主题词: 民间文学--中国
电子资源:
ISBN:
000 00757nam0 2200229 45
001 0209081660
005 20060913084100.87
010    @dCNY0.63
091    @a10071.236
100    @a20020908d1979 km y0chiy0120 ea
101 0  @achi
105    @a z 000fy
200 1  @a民间童话故事选@AMin Jian Tong Hua Gu Shi Xuan@f中国社会科学院文学研究所民间文学室主编@FZhong Guo She Hui Ke Xue Yuan Wen Xue Yan Jiu Suo Min Jian Wen Xue Shi Zhu Bian@g董森,肖莉编
210    @a北京@c北京出版社@d1979.04
215    @a334页@d19cm
606 0  @a民间文学@x中国
690    @aI276.5@v3
702  0 @a肖莉@AXiao Li@4编
702  0 @a董森@ADong Sen@4编
711 02 @a中国社会科学院文学研究所民间文学室@4主编
801    @aCN@bTSTC@c20060913
905    @dI276.5@e12@f3@b30382-384
    
    民间童话故事选/中国社会科学院文学研究所民间文学室主编/董森,肖莉编.-北京:北京出版社,1979.04
    334页;19cm
    
    
    ISBN :CNY0.63
    
●
相关链接 在E读中查询图书 在五车中查询图书 在当当中查询图书 在豆瓣中查询图书


正题名:民间童话故事选     索取号:I276.5/12         预约/预借

序号 登录号 条形码 馆藏地/架位号 状态 备注
1 0030381   001823012   密集书库/ [索取号:I276.5/12] 在馆    
2 0030382   000780630   第二借阅区/ [索取号:I276.5/12] 在馆    
3 0030383   001595036   第二借阅区/ [索取号:I276.5/12] 在馆    
4 0030384   001594956   第二借阅区/ [索取号:I276.5/12] 在馆    
5 0277067   202153347   密集书库/ [索取号:I276.5/12] 在馆    
6 0475089   204750894   密集书库/ [索取号:I276.5/12] 在馆    
唐山师范学院图书馆 欢迎您!
大连网信软件有限公司© 版权所有